|
|
|
|
| LEADER |
01511nam a2200337 a 4500 |
| 001 |
36370 |
| 003 |
BD-DhAAL |
| 005 |
20211207121338.0 |
| 008 |
191015t2002 maua b 001 0 eng |
| 999 |
|
|
|c 39118
|d 39118
|
| 010 |
|
|
|a 2001131522
|
| 020 |
|
|
|a 0618133941
|
| 040 |
|
|
|a DLC
|c DLC
|d DLC
|d BD-DhAAL
|
| 050 |
0 |
0 |
|a HB75
|b .L324 2002
|
| 082 |
0 |
0 |
|a 330.09
|2 21
|
| 100 |
1 |
|
|a Landreth, Harry.
|9 35970
|
| 245 |
1 |
0 |
|a History of economic thought /
|c Harry Landreth and David C. Colander.
|
| 250 |
|
|
|a Forth edition
|
| 260 |
|
|
|a Boston :
|b Houghton Mifflin,
|c c2002.
|
| 300 |
|
|
|a xxiii, 511 pages :
|b illustrations ;
|c 23 cm.
|
| 504 |
|
|
|a Includes bibliographical references and index.
|
| 526 |
|
|
|a ESS
|
| 541 |
|
|
|a Books Paradise
|e 36370, 36371, 36372
|
| 650 |
|
0 |
|a Economics
|x History.
|9 35971
|
| 650 |
|
0 |
|a Economics.
|9 43512
|
| 700 |
1 |
|
|a Colander, David C.
|9 35972
|
| 852 |
|
|
|a Ayesha Abed Library
|c General Stacks
|
| 942 |
|
|
|2 ddc
|c BK
|
| 952 |
|
|
|0 0
|1 0
|2 ddc
|4 0
|6 330_090000000000000_LAN
|7 0
|9 66695
|a BRACUL
|b BRACUL
|c GEN
|d 2019-10-14
|e Books Paradise
|g 6650.00
|l 0
|o 330.09 LAN
|p 3010036371
|r 2019-10-14
|t 2
|v 6650.00
|w 2019-10-14
|y BK
|
| 952 |
|
|
|0 0
|1 0
|2 ddc
|4 0
|6 330_090000000000000_LAN
|7 0
|9 66696
|a BRACUL
|b BRACUL
|c GEN
|d 2019-10-14
|e Books Paradise
|g 6650.00
|l 0
|o 330.09 LAN
|p 3010036372
|r 2019-10-14
|t 3
|v 6650.00
|w 2019-10-14
|y BK
|
| 952 |
|
|
|0 0
|1 0
|2 ddc
|4 0
|6 330_090000000000000_LAN
|7 0
|9 66697
|a BRACUL
|b BRACUL
|c GEN
|d 2019-10-14
|e Books Paradise
|g 6650.00
|l 1
|m 1
|o 330.09 LAN
|p 3010036370
|r 2025-07-27
|s 2025-07-12
|t 1
|v 6650.00
|w 2019-10-14
|y BK
|